[Event "Landesklasse Ost 2011/2012"]
[Site "?"]
[Date "2011.10.09"]
[Round "2"]
[White "Seele, Hartmut"]
[Black "Läßiger, Helko"]
[Result "1-0"]
[WhiteElo "1703"]
[BlackElo "1649"]
[PlyCount "105"]
[EventDate "2011.??.??"]
[WhiteTeam "SV Medizin Erfurt"]
[BlackTeam "TSV Zeulenroda"]

1. e4 c5 2. d4 cxd4 3. c3 e5 4. Nf3 dxc3 5. Nxc3 Nc6 6. Bc4 h6 7. O-O Be7 8.
Qd5 d6 9. Qxf7+ Kd7 10. Nb5 Qf8 11. Qxf8 Bxf8 12. Nh4 Nf6 13. Ng6 a6 14. Nxh8
axb5 15. Bxb5 g5 16. Ng6 Bg7 17. h4 Nxe4 18. Re1 Kc7 19. Rxe4 Bf5 20. Ra4 Rxa4
21. Bxa4 Bxg6 22. hxg5 hxg5 23. Bxg5 e4 24. Bxc6 bxc6 25. Bc1 c5 26. a4 Kb6 27.
Ra3 Bf7 28. f3 Bd4+ 29. Kf1 Bc4+ 30. Ke1 e3 31. a5+ Ka6 32. Bxe3 Bxb2 33. Ra4
Bc3+ 34. Bd2 Bb5 35. Rg4 Bxa5 36. Rg6 Bc7 37. Bf4 Bd3 38. Rf6 Kb5 39. Bxd6 Bd8
40. Rh6 c4 41. Be5 Bg5 42. Rd6 Be3 43. Bd4 Bf4 44. Rb6+ Ka5 45. Rb7 Bg3+ 46.
Bf2 Be5 47. Kd2 Bf1 48. g3 Bg2 49. Re7 Bb2 50. Ra7+ Kb4 51. Rb7+ Ka3 52. Bc5+
Ka2 53. Kc2 1-0

[Event "Landesklasse Ost 2011/2012"]
[Site "?"]
[Date "2011.11.06"]
[Round "3"]
[White "Mysliwiec, Jörg"]
[Black "Sack, Matthias"]
[Result "1/2-1/2"]
[WhiteElo "1998"]
[BlackElo "1972"]
[PlyCount "70"]
[EventDate "2011.??.??"]
[WhiteTeam "SSV Vimaria 91 Weimar"]
[BlackTeam "SV Hermsdorf"]

1. b3 Nf6 2. Bb2 c5 3. Nf3 Nc6 4. g3 g6 5. Bg2 Bg7 6. c4 O-O 7. O-O d5 8. cxd5
Nxd5 9. Bxg7 Kxg7 10. Qc2 Qd6 11. Nc3 Ncb4 12. Qb2 Qf6 13. d4 Bf5 14. Nxd5 Nxd5
15. Nd2 Nb4 16. e4 Bg4 17. e5 Qa6 18. Nc4 cxd4 19. Qxd4 Be6 20. Ne3 Nc6 21. Qc5
Qb6 22. Rac1 Qxc5 23. Rxc5 Rac8 24. Rfc1 Nxe5 25. Bxb7 Rxc5 26. Rxc5 Rb8 27.
Rc7 Kf6 28. Be4 Rb4 29. f3 a5 30. Nc2 Rb6 31. f4 Nd7 32. Kf2 Rd6 33. Ke3 Nb6
34. Nd4 Bd5 35. Bd3 Bg2 1/2-1/2

[Event "Landesklasse Ost 2011/2012"]
[Site "?"]
[Date "2011.11.06"]
[Round "3"]
[White "Moje, Hans-Jürgen"]
[Black "Scheitz, Michael"]
[Result "1-0"]
[WhiteElo "1833"]
[BlackElo "1890"]
[PlyCount "34"]
[EventDate "2011.??.??"]
[WhiteTeam "SV Hermsdorf"]
[BlackTeam "SSV Vimaria 91 Weimar"]

1. e4 Nf6 2. Nc3 e5 3. Bc4 Nxe4 4. Nxe4 d5 5. Bxd5 Qxd5 6. Qf3 Be6 7. Nc3 Qxf3
8. Nxf3 Nc6 9. O-O f6 10. d3 O-O-O 11. Be3 Be7 12. a3 Kb8 13. b4 Bg4 14. b5
Bxf3 15. gxf3 Nd4 16. Bxd4 Rxd4 17. Rfe1 Rf4 1-0

[Event "Landesklasse Ost 2011/2012"]
[Site "?"]
[Date "2011.11.06"]
[Round "3"]
[White "Vogel, Steffen"]
[Black "Sacher, Meik"]
[Result "1/2-1/2"]
[WhiteElo "1804"]
[BlackElo "1938"]
[PlyCount "42"]
[EventDate "2011.??.??"]
[WhiteTeam "SSV Vimaria 91 Weimar"]
[BlackTeam "SV Hermsdorf"]

1. d4 Nf6 2. Nf3 g6 3. c4 Bg7 4. Nc3 d6 5. e4 O-O 6. h3 e5 7. d5 h6 8. Be3 Kh7
9. Bd3 Na6 10. a3 Nh5 11. Qd2 Nf4 12. Bxf4 exf4 13. O-O-O Nc5 14. Bc2 f5 15.
Nd4 Bxd4 16. Qxd4 Qg5 17. h4 Qf6 18. b4 Nxe4 19. Nxe4 fxe4 20. Bxe4 Qxd4 21.
Rxd4 Kg7 1/2-1/2

[Event "Landesklasse Ost 2011/2012"]
[Site "?"]
[Date "2011.11.06"]
[Round "3"]
[White "Pietzsch, Gerhard"]
[Black "Mitter, Frank"]
[Result "1/2-1/2"]
[WhiteElo "1787"]
[BlackElo "1759"]
[PlyCount "78"]
[EventDate "2011.??.??"]
[WhiteTeam "SV Hermsdorf"]
[BlackTeam "SSV Vimaria 91 Weimar"]

1. e4 c5 2. Nf3 Nc6 3. d4 cxd4 4. Nxd4 Nf6 5. Nc3 d6 6. Be2 e5 7. Nb3 Be7 8.
O-O O-O 9. Be3 Be6 10. f3 d5 11. exd5 Nxd5 12. Nxd5 Bxd5 13. c4 Be6 14. Qxd8
Rfxd8 15. Rad1 b6 16. a3 Rac8 17. Rfe1 f6 18. f4 Kf7 19. Nd2 exf4 20. Bxf4 Nd4
21. Bd3 Bg4 22. Rc1 Nb3 23. Nxb3 Rxd3 24. Re3 Rcd8 25. Rce1 Rxe3 26. Bxe3 Be6
27. Nd2 f5 28. Nf3 h6 29. Ne5+ Kf6 30. Nc6 Rd7 31. Bd4+ Rxd4 32. Nxd4 Bxc4 33.
b4 Bd6 34. Nc6 a6 35. Rd1 Bf4 36. h3 Bb3 37. Rd3 Bc4 38. Rc3 Bd5 39. Kf2 Be4
1/2-1/2

[Event "Landesklasse Ost 2011/2012"]
[Site "?"]
[Date "2011.11.06"]
[Round "3"]
[White "Latka, Robert"]
[Black "Hädrich, Dirk"]
[Result "0-1"]
[WhiteElo "1578"]
[BlackElo "1766"]
[PlyCount "58"]
[EventDate "2011.??.??"]
[WhiteTeam "SSV Vimaria 91 Weimar"]
[BlackTeam "SV Hermsdorf"]

1. e4 e6 2. d4 d5 3. exd5 exd5 4. Bd3 Bd6 5. Ne2 Ne7 6. Bf4 Bf5 7. O-O O-O 8.
c3 c6 9. Bxd6 Qxd6 10. Ng3 Bxd3 11. Qxd3 Nd7 12. Nd2 Nf6 13. Nf3 Ng6 14. Rfe1
Rfe8 15. Nf5 Qc7 16. Re3 Rxe3 17. Nxe3 Ne4 18. Nd2 Re8 19. Nxe4 dxe4 20. Qc4
Qd7 21. Rd1 Nf4 22. d5 cxd5 23. Nxd5 Nd3 24. Qb3 Qf5 25. f3 exf3 26. gxf3 Qxf3
27. Qa4 Re2 28. Ne7+ Kf8 29. Ng6+ hxg6 0-1

[Event "Landesklasse Ost 2011/2012"]
[Site "?"]
[Date "2011.11.06"]
[Round "3"]
[White "Markowski, Erhard"]
[Black "Gebuhr, Günter"]
[Result "0-1"]
[WhiteElo "1704"]
[BlackElo "1713"]
[PlyCount "70"]
[EventDate "2011.??.??"]
[WhiteTeam "SV Hermsdorf"]
[BlackTeam "SSV Vimaria 91 Weimar"]

1. c4 Nf6 2. Nc3 e6 3. Nf3 c5 4. d4 cxd4 5. Nxd4 Be7 6. e4 Nc6 7. Be2 O-O 8.
O-O a6 9. Be3 d5 10. Nxc6 bxc6 11. e5 Nd7 12. f4 Rb8 13. b3 Qa5 14. Na4 Nc5 15.
Bd2 Qc7 16. cxd5 exd5 17. Nxc5 Bxc5+ 18. Kh1 Bf5 19. Bxa6 Qb6 20. Be2 Bd4 21.
Ba5 Qa7 22. Bc7 Rb7 23. Bd6 Bxa1 24. Qxa1 Ra8 25. Qc3 Qxa2 26. Bf3 Qxb3 27.
Qxc6 Qb5 28. Qc1 Rc8 29. Qd1 Be4 30. Bg4 Qb2 31. Rg1 Rc2 32. Bh3 Rb3 33. Qg4
Rc1 34. Qd7 Rxg1+ 35. Kxg1 Qc1+ 0-1

[Event "Landesklasse Ost 2011/2012"]
[Site "?"]
[Date "2011.11.06"]
[Round "3"]
[White "Anschütz, Mario"]
[Black "Pietsch, Karsten"]
[Result "1/2-1/2"]
[WhiteElo "1809"]
[BlackElo "1669"]
[PlyCount "90"]
[EventDate "2011.??.??"]
[WhiteTeam "SSV Vimaria 91 Weimar"]
[BlackTeam "SV Hermsdorf"]

1. d4 d5 2. c4 c6 3. Nc3 dxc4 4. a4 Nf6 5. e3 e6 6. Bxc4 Bb4 7. Nge2 O-O 8. O-O
b6 9. Qc2 Qc7 10. e4 e5 11. dxe5 Qxe5 12. Bf4 Qe7 13. Ng3 Be6 14. Bd3 Nbd7 15.
h3 Nc5 16. Be2 Bb3 17. Qc1 Bxc3 18. Qxc3 Nfxe4 19. Nxe4 Qxe4 20. Bd6 Qxe2 21.
Bxc5 bxc5 22. Qxb3 Rab8 23. Qc3 c4 24. Rac1 Rxb2 25. Qxc4 Qxc4 26. Rxc4 Rc8 27.
Rd1 Rb6 28. Rd7 a6 29. Ra7 h6 30. a5 Rb5 31. Rxa6 c5 32. Ra7 Rb1+ 33. Kh2 Ra1
34. g4 Rc6 35. Kg3 Ra3+ 36. Kg2 Rb3 37. Re4 Rf6 38. f4 Kh7 39. f5 h5 40. Re5
hxg4 41. hxg4 Rb4 42. Kf3 Kh6 43. Rxc5 Kg5 44. Rcc7 Rh6 45. Rc2 Rxg4 1/2-1/2

[Event "Landesklasse Ost 2011/2012"]
[Site "?"]
[Date "2011.11.06"]
[Round "3"]
[White "Hirsch, Ronny"]
[Black "Schmidt, Stephan"]
[Result "1/2-1/2"]
[WhiteElo "1578"]
[BlackElo "1685"]
[PlyCount "72"]
[EventDate "2011.??.??"]
[WhiteTeam "SV Hermsdorf"]
[BlackTeam "SSV Vimaria 91 Weimar"]

1. d4 d5 2. c4 e6 3. Nf3 Nf6 4. g3 c5 5. Bg2 Nc6 6. e3 Be7 7. O-O O-O 8. b3 b6
9. Bb2 Bb7 10. Nbd2 Rc8 11. Qe2 Re8 12. Rfd1 Qc7 13. Rac1 Qb8 14. cxd5 Nxd5 15.
a3 cxd4 16. Nxd4 Nxd4 17. exd4 Nf6 18. Ne4 Rcd8 19. Nxf6+ Bxf6 20. Bxb7 Qxb7
21. Qb5 Re7 22. Qc6 Qxc6 23. Rxc6 Red7 24. Kf1 h6 25. Ke2 Rd5 26. Rc7 a5 27.
Rc6 b5 28. Ra6 b4 29. a4 Kh7 30. Ra7 R8d7 31. Rxd7 Rxd7 32. Kd3 g5 33. Kc4 Rd5
34. g4 Kg6 35. h3 Bg7 36. Re1 h5 1/2-1/2

[Event "Landesklasse Ost 2011/2012"]
[Site "?"]
[Date "2011.11.06"]
[Round "3"]
[White "Pähtz, Thomas"]
[Black "Rauhut, Frank"]
[Result "1-0"]
[WhiteElo "2374"]
[BlackElo "1900"]
[PlyCount "61"]
[EventDate "2011.??.??"]
[WhiteTeam "ESV Lok Sömmerda"]
[BlackTeam "SV Jenapharm Jena"]

1. e4 c5 2. Nf3 g6 3. d4 Bg7 4. dxc5 Qa5+ 5. c3 Qxc5 6. Na3 Qc7 7. Nb5 Qd8 8.
Bf4 d6 9. e5 a6 10. Qa4 Bd7 11. exd6 Kf8 12. Qa3 Nc6 13. Nc7 Rc8 14. O-O-O e6
15. Bc4 Qf6 16. Bg5 Bh6 17. Qc5 Bxg5+ 18. Qxg5 Qxg5+ 19. Nxg5 Nf6 20. Rhe1 Kg7
21. Ne4 Nxe4 22. Rxe4 Na5 23. Bf1 Rhd8 24. Rb4 Rb8 25. Rb6 Nc6 26. g3 Ne5 27.
Bg2 Bc6 28. Bxc6 Nxc6 29. Nxa6 Ra8 30. Nc5 Rxa2 31. Nxb7 1-0

[Event "Landesklasse Ost 2011/2012"]
[Site "?"]
[Date "2011.11.06"]
[Round "3"]
[White "Krabel, Stefan"]
[Black "Wanzek, Daniel"]
[Result "1-0"]
[WhiteElo "1848"]
[BlackElo "2093"]
[PlyCount "95"]
[EventDate "2011.??.??"]
[WhiteTeam "SV Jenapharm Jena"]
[BlackTeam "ESV Lok Sömmerda"]

1. e4 d5 2. exd5 Qxd5 3. Nc3 Qa5 4. d4 Nf6 5. Nf3 Bg4 6. h3 Bh5 7. g4 Bg6 8.
Ne5 e6 9. h4 Ne4 10. Qf3 Nxc3 11. bxc3 Qd5 12. Rh3 Bd6 13. Qxd5 exd5 14. Re3
O-O 15. Bg2 c6 16. Rb1 b5 17. Kd1 h6 18. Re2 Bxe5 19. dxe5 Nd7 20. f4 f5 21.
Bf3 fxg4 22. Bxg4 Bf5 23. Bf3 Nb6 24. Ba3 Rfe8 25. Bc5 Na4 26. Bd4 Rad8 27. Kd2
a6 28. Rg2 Re6 29. Rbg1 Rd7 30. Bg4 Bxg4 31. Rxg4 Rf7 32. f5 Rxf5 33. Rxg7+ Kf8
34. Rg8+ Ke7 35. Ra8 c5 36. Rg7+ Rf7 37. Ra7+ Ke8 38. Raxf7 cxd4 39. cxd4 Nb6
40. Rb7 Kf8 41. Rbf7+ Ke8 42. h5 Nc4+ 43. Kd3 Rxe5 44. dxe5 Nxe5+ 45. Kd4 Nxf7
46. Kxd5 Ke7 47. Kc5 Kf6 48. Rxf7+ 1-0

[Event "Landesklasse Ost 2011/2012"]
[Site "?"]
[Date "2011.11.06"]
[Round "3"]
[White "Kühn, Martin"]
[Black "Thöle, Wolfgang"]
[Result "1-0"]
[WhiteElo "1943"]
[BlackElo "1941"]
[PlyCount "59"]
[EventDate "2011.??.??"]
[WhiteTeam "ESV Lok Sömmerda"]
[BlackTeam "SV Jenapharm Jena"]

1. d4 d5 2. c4 e6 3. Nf3 Nf6 4. Nbd2 c5 5. e3 Nc6 6. cxd5 exd5 7. Be2 cxd4 8.
Nxd4 Nxd4 9. exd4 Bd6 10. O-O O-O 11. Nf3 Qb6 12. a3 Bf5 13. Nh4 Be4 14. Bf3
Rfe8 15. Bg5 Bxf3 16. Qxf3 Ne4 17. Be3 Be7 18. Nf5 Bf6 19. b4 Rac8 20. Rac1 Rc4
21. Rxc4 dxc4 22. d5 Qb5 23. d6 g6 24. Nh6+ Kg7 25. Rd1 Ng5 26. Bxg5 Qxg5 27.
Ng4 h5 28. Nxf6 Qxf6 29. d7 Qxf3 30. dxe8=N+ 1-0

[Event "Landesklasse Ost 2011/2012"]
[Site "?"]
[Date "2011.11.06"]
[Round "3"]
[White "Wolf, Isaak"]
[Black "Siegemund, Joachim"]
[Result "1/2-1/2"]
[WhiteElo "1871"]
[BlackElo "2043"]
[PlyCount "59"]
[EventDate "2011.??.??"]
[WhiteTeam "SV Jenapharm Jena"]
[BlackTeam "ESV Lok Sömmerda"]

1. e4 e6 2. f4 d5 3. e5 c5 4. Nf3 Nc6 5. c3 Nh6 6. d3 Nf5 7. g3 Qb6 8. Bg2 Be7
9. O-O O-O 10. Na3 f6 11. exf6 Bxf6 12. Nc2 d4 13. c4 Bd7 14. Qe1 e5 15. g4 Ne3
16. Nxe3 dxe3 17. g5 Be7 18. Bxe3 exf4 19. Bd2 Rae8 20. Qh4 Bf5 21. Bxf4 Bxd3
22. Rfe1 Qxb2 23. Rad1 Bxc4 24. Ne5 Nxe5 25. Bxe5 Qxa2 26. Ra1 Qb3 27. Rab1 Qa2
28. Ra1 Qb3 29. Rab1 Qa2 30. Ra1 1/2-1/2

[Event "Landesklasse Ost 2011/2012"]
[Site "?"]
[Date "2011.11.06"]
[Round "3"]
[White "Kalisch, Michael"]
[Black "Heunemann, Dieter"]
[Result "1-0"]
[WhiteElo "1926"]
[BlackElo "1866"]
[PlyCount "51"]
[EventDate "2011.??.??"]
[WhiteTeam "ESV Lok Sömmerda"]
[BlackTeam "SV Jenapharm Jena"]

1. e4 c5 2. c3 d5 3. exd5 Qxd5 4. d4 Nc6 5. Nf3 Bg4 6. Be2 cxd4 7. cxd4 e6 8.
Nc3 Qa5 9. O-O Nf6 10. h3 Bh5 11. Bf4 Nd5 12. Bg3 Be7 13. Qb3 Nb6 14. Rfd1 Qb4
15. d5 Bxf3 16. Bxf3 Nd4 17. Rxd4 Qxd4 18. Nb5 Qb4 19. Nc7+ Kf8 20. Nxa8 Nxa8
21. d6 Bxd6 22. Bxd6+ Qxd6 23. Qxb7 Nc7 24. Rd1 Qb6 25. Rd8+ Ne8 26. Qd7 1-0

[Event "Landesklasse Ost 2011/2012"]
[Site "?"]
[Date "2011.11.06"]
[Round "3"]
[White "Wicklein, Stefan"]
[Black "Kühn, Karsten"]
[Result "1-0"]
[WhiteElo "1963"]
[BlackElo "1938"]
[PlyCount "65"]
[EventDate "2011.??.??"]
[WhiteTeam "SV Jenapharm Jena"]
[BlackTeam "ESV Lok Sömmerda"]

1. d4 e6 2. g3 Nf6 3. Bg2 d5 4. Nf3 c5 5. O-O Nc6 6. c4 dxc4 7. dxc5 Qxd1 8.
Rxd1 Bxc5 9. Nbd2 Ng4 10. Ne4 Be7 11. h3 Nge5 12. Nxe5 Nxe5 13. Bf4 Nc6 14.
Nd6+ Bxd6 15. Bxd6 Bd7 16. Rac1 b5 17. b3 a5 18. a3 O-O-O 19. bxc4 b4 20. axb4
Nxb4 21. Ra1 Nc6 22. Rdb1 Be8 23. c5 Rxd6 24. cxd6 Kd7 25. Bxc6+ Kxc6 26. Rb8
Kxd6 27. Rxa5 Kc7 28. Raa8 Kd7 29. Ra7+ Kd6 30. Rxf7 Rg8 31. Rd8+ Ke5 32. Re7
Bc6 33. Rxg8 1-0

[Event "Landesklasse Ost 2011/2012"]
[Site "?"]
[Date "2011.11.06"]
[Round "3"]
[White "Kirste, Olaf"]
[Black "Vater, Rainer"]
[Result "1-0"]
[WhiteElo "1866"]
[BlackElo "1763"]
[PlyCount "75"]
[EventDate "2011.??.??"]
[WhiteTeam "ESV Lok Sömmerda"]
[BlackTeam "SV Jenapharm Jena"]

1. c4 e5 2. Nc3 Nc6 3. Nf3 d6 4. d4 exd4 5. Nxd4 Bd7 6. e4 g6 7. Be2 Bg7 8. Nc2
Nge7 9. Be3 O-O 10. Qd2 a6 11. O-O-O f5 12. c5 Nc8 13. Bc4+ Kh8 14. h4 h5 15.
Nd5 Ne5 16. Be2 Be6 17. Nd4 Bg8 18. Bg5 Qd7 19. f4 Nc6 20. Nb3 fxe4 21. g4 Qf7
22. gxh5 gxh5 23. Kb1 dxc5 24. Nxc5 N8e7 25. Nc3 Rad8 26. Qc1 Nd4 27. Rhe1 Nxe2
28. Rxe2 Rxd1 29. Qxd1 Bxc3 30. bxc3 Nd5 31. Qd4+ Kh7 32. Qxe4+ Qf5 33. Kb2
Qxe4 34. Rxe4 a5 35. Nd7 Rc8 36. f5 b5 37. Nf6+ Nxf6 38. Re7+ 1-0

[Event "Landesklasse Ost 2011/2012"]
[Site "?"]
[Date "2011.11.06"]
[Round "3"]
[White "Fauth, Frank"]
[Black "Böhnke, Hartmut"]
[Result "1-0"]
[WhiteElo "1754"]
[BlackElo "1723"]
[PlyCount "67"]
[EventDate "2011.??.??"]
[WhiteTeam "SV Jenapharm Jena"]
[BlackTeam "ESV Lok Sömmerda"]

1. d4 d5 2. c4 c6 3. cxd5 cxd5 4. Nc3 Nf6 5. Bf4 Nc6 6. e3 a6 7. Bd3 e6 8. Nf3
Be7 9. h3 O-O 10. O-O h6 11. Rc1 Bd7 12. a3 Rc8 13. b4 b5 14. Bb1 Ne8 15. e4
dxe4 16. Nxe4 a5 17. d5 exd5 18. Qxd5 Nf6 19. Nxf6+ Bxf6 20. Rcd1 axb4 21. axb4
Be6 22. Qxb5 Qe8 23. Bd6 Be7 24. Rfe1 Rd8 25. Bxe7 Nxe7 26. Qxe8 Rdxe8 27. b5
Rb8 28. Bd3 Nd5 29. Nd4 Bd7 30. Nc6 Nc3 31. Rc1 Nxb5 32. Nxb8 Rxb8 33. Rb1 f6
34. Rb4 1-0

[Event "Landesklasse Ost 2011/2012"]
[Site "?"]
[Date "2011.11.06"]
[Round "3"]
[White "Zeuner, Ulrich"]
[Black "Jordan, Gunter"]
[Result "1-0"]
[WhiteElo "1949"]
[BlackElo "1856"]
[PlyCount "139"]
[EventDate "2011.??.??"]
[WhiteTeam "SV Medizin Erfurt"]
[BlackTeam "SV Schott Jena"]

1. e4 e6 2. d3 d5 3. Nd2 Bc5 4. Ngf3 dxe4 5. Nxe4 Nd7 6. Nxc5 Nxc5 7. d4 Nd7 8.
Bd3 b6 9. Bg5 Ne7 10. O-O Bb7 11. c4 O-O 12. Re1 Re8 13. Qe2 Nf8 14. Rad1 Qd6
15. d5 e5 16. Bh4 f6 17. Bg3 Rad8 18. Nd2 Neg6 19. h4 Qd7 20. Qf3 c6 21. h5 Nf4
22. Bxf4 exf4 23. Qxf4 cxd5 24. h6 Ng6 25. Bxg6 hxg6 26. hxg7 Kxg7 27. Rxe8
Qxe8 28. Nf3 Qf7 29. Nd4 Rd7 30. Qg3 Kh7 31. Nf3 Kg7 32. Nd4 Kh7 33. Qh3+ Kg7
34. Ne6+ Kg8 35. Nf4 d4 36. b3 g5 37. Nd3 Re7 38. Qg4 Re4 39. Qg3 Bc6 40. Qd6
Qe6 41. Qb8+ Qe8 42. Qd6 Qe6 43. Qxe6+ Rxe6 44. Nb4 a5 45. Nxc6 Rxc6 46. Rxd4
Kf7 47. Kf1 Ke6 48. Ke2 Ke5 49. Kd3 f5 50. g3 Rc5 51. Rd8 Rc6 52. Rd5+ Ke6 53.
Kd4 Rc8 54. Re5+ Kf6 55. Rb5 Rd8+ 56. Ke3 Rd6 57. c5 bxc5 58. Rxa5 Rc6 59. Kd3
Ke6 60. Kc3 f4 61. Kc4 fxg3 62. fxg3 Kd6 63. Rb5 g4 64. Rb8 Rc7 65. Rg8 Ra7 66.
Rxg4 Rxa2 67. Rg6+ Kc7 68. Kxc5 Rc2+ 69. Kb5 Re2 70. b4 1-0

[Event "Landesklasse Ost 2011/2012"]
[Site "?"]
[Date "2011.11.06"]
[Round "3"]
[White "Osterloh, Felix"]
[Black "Sunderbrink, Heino"]
[Result "1/2-1/2"]
[WhiteElo "1723"]
[BlackElo "1926"]
[PlyCount "64"]
[EventDate "2011.??.??"]
[WhiteTeam "SV Schott Jena"]
[BlackTeam "SV Medizin Erfurt"]

1. Nf3 Nf6 2. g3 d5 3. Bg2 c5 4. O-O Nc6 5. d3 g6 6. Nbd2 Bg7 7. e4 O-O 8. Re1
h6 9. h3 Be6 10. c3 d4 11. c4 Qc8 12. Kh2 g5 13. a3 Nd7 14. Rb1 a5 15. Nf1 g4
16. Ng1 Nde5 17. h4 h5 18. Qe2 Qb8 19. Bf4 Qc8 20. Bc1 Rb8 21. Bf4 Qd7 22. Kh1
Rbe8 23. Nh2 Ng6 24. Bd2 Qd6 25. Qd1 Bd7 26. Ne2 Nce5 27. Bf4 Bc6 28. Qd2 Kh7
29. Qxa5 e6 30. Qd2 f5 31. Bxe5 Nxe5 32. Nf4 fxe4 1/2-1/2

[Event "Landesklasse Ost 2011/2012"]
[Site "?"]
[Date "2011.11.06"]
[Round "3"]
[White "Rost, Detlef"]
[Black "Werner, Ernst"]
[Result "1-0"]
[WhiteElo "1860"]
[BlackElo "1804"]
[PlyCount "47"]
[EventDate "2011.??.??"]
[WhiteTeam "SV Medizin Erfurt"]
[BlackTeam "SV Schott Jena"]

1. d4 Nf6 2. c4 g6 3. Nc3 Bg7 4. e4 d6 5. Be2 O-O 6. Bg5 h6 7. Be3 e5 8. d5 a5
9. Qd2 Kh7 10. f3 Nfd7 11. h4 f5 12. h5 f4 13. hxg6+ Kxg6 14. Bf2 Rh8 15. Nh3
Nf6 16. O-O-O Nh5 17. Bd3 Bf6 18. g3 fxg3 19. Be3 Bxh3 20. Rxh3 Bg5 21. Rdh1 g2
22. Qxg2 Nf4 23. Bxf4 exf4 24. e5+ 1-0

[Event "Landesklasse Ost 2011/2012"]
[Site "?"]
[Date "2011.11.06"]
[Round "3"]
[White "Seifert, Michael"]
[Black "Fischer, Kay"]
[Result "1/2-1/2"]
[WhiteElo "1588"]
[BlackElo "1886"]
[PlyCount "32"]
[EventDate "2011.??.??"]
[WhiteTeam "SV Schott Jena"]
[BlackTeam "SV Medizin Erfurt"]

1. Nf3 e6 2. g3 b6 3. Bg2 Bb7 4. O-O Nf6 5. d3 d6 6. Nbd2 Nbd7 7. e4 Be7 8. Ne1
Qc8 9. f4 c5 10. Qe2 O-O 11. g4 Ne8 12. Ndf3 Nc7 13. h3 Qe8 14. f5 f6 15. Bf4
e5 16. Bd2 d5 1/2-1/2

[Event "Landesklasse Ost 2011/2012"]
[Site "?"]
[Date "2011.11.06"]
[Round "3"]
[White "Stockum, René"]
[Black "Saran, Bajar"]
[Result "0-1"]
[WhiteElo "1763"]
[BlackElo "1874"]
[PlyCount "70"]
[EventDate "2011.??.??"]
[WhiteTeam "SV Medizin Erfurt"]
[BlackTeam "SV Schott Jena"]

1. d4 Nf6 2. c4 c5 3. d5 b5 4. cxb5 a6 5. b6 Qxb6 6. Nc3 g6 7. e4 d6 8. Bd3 Bg7
9. Nge2 O-O 10. O-O Ng4 11. Rb1 Ne5 12. Be3 a5 13. f4 Ng4 14. Bf2 Na6 15. a3
Nc7 16. h3 Nxf2 17. Rxf2 Ba6 18. Bxa6 Nxa6 19. Rf3 c4+ 20. Kf1 Nc5 21. Na4 Nxa4
22. Qxa4 Rfc8 23. Qc2 Rab8 24. b4 axb4 25. Rxb4 Qa6 26. Qb1 Rxb4 27. Qxb4 c3
28. Ke1 c2 29. Nc1 Qa7 30. Kf1 Rb8 31. Qd2 Qa6+ 32. Ke1 Qc4 33. Qd3 Qc5 34. Rf2
Rb1 35. Rxc2 Rxc1+ 0-1

[Event "Landesklasse Ost 2011/2012"]
[Site "?"]
[Date "2011.11.06"]
[Round "3"]
[White "Holtz, Peter"]
[Black "Stumm, Rainer"]
[Result "1-0"]
[WhiteElo "1773"]
[BlackElo "1587"]
[PlyCount "87"]
[EventDate "2011.??.??"]
[WhiteTeam "SV Schott Jena"]
[BlackTeam "SV Medizin Erfurt"]

1. e4 d6 2. d4 Nf6 3. Nc3 g6 4. f3 Bg7 5. Be3 Nbd7 6. Qd2 h5 7. O-O-O c6 8. e5
Nh7 9. Bh6 O-O 10. e6 Nb6 11. exf7+ Rxf7 12. Bd3 Qf8 13. Bxg7 Qxg7 14. Nge2 Bf5
15. g4 Bxd3 16. Qxd3 Qh6+ 17. Kb1 h4 18. f4 g5 19. f5 Re8 20. d5 Nf6 21. dxc6
bxc6 22. h3 d5 23. Nd4 Nfd7 24. Ne6 Nf8 25. Rde1 Rf6 26. Nc7 Rc8 27. Rxe7 Nfd7
28. Ne6 Rf7 29. Rxf7 Kxf7 30. Qe3 Kf6 31. Qd4+ Kf7 32. Na4 Qf6 33. Qxf6+ Kxf6
34. Nac5 Re8 35. Nxd7+ Nxd7 36. Kc1 Ne5 37. b3 Rb8 38. Re1 Nd7 39. Nd4 c5 40.
Re6+ Kf7 41. Nf3 Rg8 42. Ra6 c4 43. Rxa7 Ke8 44. Ra8+ 1-0

[Event "Landesklasse Ost 2011/2012"]
[Site "?"]
[Date "2011.11.06"]
[Round "3"]
[White "Seele, Hartmut"]
[Black "Scholz, Lucas"]
[Result "0-1"]
[WhiteElo "1703"]
[BlackElo "1627"]
[PlyCount "74"]
[EventDate "2011.??.??"]
[WhiteTeam "SV Medizin Erfurt"]
[BlackTeam "SV Schott Jena"]

1. e4 e5 2. Nf3 Nc6 3. Bc4 Bc5 4. c3 Nf6 5. d3 O-O 6. O-O d6 7. Bg5 h6 8. Bh4
g5 9. Bg3 Be6 10. Nbd2 a6 11. Qe2 b5 12. Bb3 Qe7 13. Rad1 Kg7 14. Bxe6 Qxe6 15.
Nb3 Bb6 16. d4 exd4 17. Nfxd4 Nxd4 18. Nxd4 Qxe4 19. Qd2 Bxd4 20. cxd4 Nd5 21.
Rde1 Qf5 22. Re2 Rfe8 23. Rfe1 Rxe2 24. Qxe2 Nf6 25. Rc1 Re8 26. Qd1 Nd5 27. h4
g4 28. a4 Re7 29. Rc6 Nb4 30. Rc3 bxa4 31. Qxa4 Qb1+ 32. Kh2 Re1 33. Bf4 Nd5
34. Qd7 Rh1+ 35. Kg3 Nxc3 36. bxc3 Qd3+ 37. Be3 Qe4 0-1

[Event "Landesklasse Ost 2011/2012"]
[Site "?"]
[Date "2011.11.06"]
[Round "3"]
[White "Berkov, Mikhail"]
[Black "Spittel, Ulrich"]
[Result "1/2-1/2"]
[WhiteElo "1625"]
[BlackElo "1848"]
[PlyCount "37"]
[EventDate "2011.??.??"]
[WhiteTeam "SV Schott Jena"]
[BlackTeam "SV Medizin Erfurt"]

1. d4 Nf6 2. c4 g6 3. Nc3 Bg7 4. e4 d6 5. Be2 O-O 6. f4 c5 7. Nf3 cxd4 8. Nxd4
Nc6 9. Be3 Qb6 10. Nxc6 Qxc6 11. Nd5 Re8 12. Qd3 Nxd5 13. cxd5 Qa4 14. b3 Qb4+
15. Bd2 Qa3 16. Bc1 Qb4+ 17. Bd2 Qa3 18. Bc1 Qb4+ 19. Bd2 1/2-1/2

[Event "Landesklasse Ost 2011/2012"]
[Site "?"]
[Date "2011.11.06"]
[Round "3"]
[White "Streltsyn, Grygoriy"]
[Black "Skibbe, Diana"]
[Result "1/2-1/2"]
[WhiteElo "2125"]
[BlackElo "1961"]
[PlyCount "142"]
[EventDate "2011.??.??"]
[WhiteTeam "Erfurter Schachklub"]
[BlackTeam "TSV Zeulenroda"]

1. d4 f5 2. Nf3 d6 3. Nc3 Nf6 4. Bg5 Nbd7 5. Qd3 g6 6. e4 fxe4 7. Nxe4 Bg7 8.
O-O-O O-O 9. h4 Nxe4 10. Qxe4 Nf6 11. Bc4+ Kh8 12. Qe2 Bf5 13. h5 Ne4 14. hxg6
Bxg6 15. Bd5 Nxg5 16. Nxg5 e6 17. Nxh7 Bxh7 18. Qh5 Bh6+ 19. Qxh6 Qe7 20. Be4
Rf7 21. Bxh7 Rxh7 22. Qg6 Rf8 23. Rxh7+ Qxh7 24. Qxh7+ Kxh7 25. Rd2 Kg6 26. Kd1
Rf7 27. Ke2 e5 28. dxe5 dxe5 29. Ke3 Kf5 30. f3 Ke6 31. Rd8 a5 32. c4 b6 33. c5
bxc5 34. Ra8 Rf4 35. Rxa5 Rb4 36. b3 Kd6 37. g4 Rb8 38. Ra4 Kd5 39. g5 Ke6 40.
Rg4 Kf7 41. g6+ Kg7 42. Ke4 Rf8 43. Rg3 Ra8 44. Rg2 Rf8 45. Rg5 c4 46. bxc4
Rf4+ 47. Kd5 Rxf3 48. Rxe5 Kxg6 49. Re6+ Kf7 50. Rc6 Rf5+ 51. Kd4 Ra5 52. Rxc7+
Ke8 53. Rc5 Rxa2 54. Rc6 Kd7 55. Rh6 Rg2 56. Kc5 Kc7 57. Rh7+ Kc8 58. Kb5 Rg6
59. Ra7 Rh6 60. Rf7 Rg6 61. Kc5 Rh6 62. Kd5 Rg6 63. Re7 Rh6 64. c5 Rg6 65. Re6
Rxe6 66. Kxe6 Kc7 67. Kd5 Kd7 68. c6+ Kc7 69. Kc5 Kc8 70. Kc4 Kc7 71. Kd5 Kc8
1/2-1/2

[Event "Landesklasse Ost 2011/2012"]
[Site "?"]
[Date "2011.11.06"]
[Round "3"]
[White "Ahnert, Toni"]
[Black "Troyke, Doreen"]
[Result "0-1"]
[WhiteElo "1926"]
[BlackElo "2053"]
[PlyCount "68"]
[EventDate "2011.??.??"]
[WhiteTeam "TSV Zeulenroda"]
[BlackTeam "Erfurter Schachklub"]

1. e4 c5 2. Nf3 a6 3. d4 cxd4 4. Nxd4 Nf6 5. Nc3 e5 6. Nf3 Bb4 7. Bd3 O-O 8.
Bd2 Nc6 9. O-O d6 10. Nd5 Bxd2 11. Nxd2 Be6 12. Nc4 Bxd5 13. exd5 Nb4 14. Ne3
Nxd3 15. Qxd3 Qc7 16. c4 g6 17. f4 exf4 18. Rxf4 Nd7 19. Ng4 f5 20. Nh6+ Kg7
21. Qh3 Qb6+ 22. Kh1 Qxb2 23. Raf1 Rae8 24. Rh4 Nf6 25. Qg3 Ne4 26. Qf4 Qd2 27.
Qxd2 Nxd2 28. Rg1 Re4 29. g4 Nf3 30. Nxf5+ Rxf5 31. gxf5 Rxh4 32. Rg2 b6 33.
fxg6 hxg6 34. Rf2 Rxh2+ 0-1